les 10 langues les plus parlées en France - Statistiques

Statistiques générales
  • Ce quiz a été pris 5 078 fois
  • Le résultat moyen est 8 sur 10
Statistiques - réponses
place langue % Correct
1 Français
99%
3 Anglais
97%
5 Espagnol
97%
2 Arabe
93%
4 Allemand
90%
6 Italien
86%
8 Portugais
83%
7 Chinois
71%
9 Russe
68%
10 Brésilien
12%
Aucun quiz correspondant
Distribution des résultats
% des personnes avec chaque résultat
Percentile par nombre de réponses
Votre historique - résultats
Vous n’avez pas pris ce quiz